Geography by Pictures (Medium-Hard) - H - Statistics

General Stats
  • This quiz has been taken 109 times
  • The average score is 9 of 14
Answer Stats
Picture Hint Answer % Correct
Central American Country Honduras
93%
Capital City of Zimbabwe Harare
92%
Landmark in the U.K. Hadrian's Wall
91%
Landmark in Turkey Hagia Sophia
90%
Lake in North America Lake Huron
78%
Chinese Island Hainan
76%
City in Australia Hobart
67%
Province of the Netherlands Holland, South
66%
River in the U.S. Hudson River
63%
Prefecture of Japan Hokkaido
49%
Bay in Vietnam Ha Long Bay
43%
Croatian Island Hvar
29%
Mountain in the U.S. Mount Hood
21%
Town in the U.K. Hastings
19%
No matching quizzes found
Score Distribution
Percent of People with Each Score
Percentile by Number Answered
Your Score History
You have not taken this quiz